[Event "V Memorial Corrado Bitti A"]
[Site "Laconi ITA"]
[Date "2005.08.09"]
[Round "6"]
[White "Altea, Giovanni"]
[Black "Carta, Francesco"]
[Result "1-0"]
[WhiteElo "1685"]
[BlackElo "1565"]
[PlyCount "71"]
[EventDate "2005.08.06"]

1.c4 e6 2.Nf3 Nf6 3.Nc3 Be7 4.g3 b6 5.Bg2 Bb7 6.O-O O-O 7.a3 c5 8.d4 cxd4 
9.Qxd4 Nc6 10.Qd3 Rc8 11.b3 Na5 12.Qd1 d5 13.Nd2 dxc4 14.Bxb7 Nxb7 15.Nxc4
b5 16.Nxb5 Qe8 17.Nxa7 Ra8 18.Be3 Bc5 19.Bxc5 Nxc5 20.Nd6 Qd7 21.Nab5 Rfd8
22.Qc2 Na6 23.Rfd1 Qe7 24.Rac1 g6 25.a4 Qf8 26.Qc6 Qh6 27.Qb7 Nd7 28.Nxf7 
Kxf7 29.Rxd7+ Kg8 30.Rxd8+ Rxd8 31.Rc8 Qf8 32.Rxd8 Qxd8 33.Qxa6 Qd1+ 34.
Kg2 Qxe2 35.Qc6 e5 36.Qc4+ 1-0

[Event "V Memorial Corrado Bitti A"]
[Site "Laconi ITA"]
[Date "2005.08.09"]
[Round "6"]
[White "Artizzu, Giulio"]
[Black "Lommers, Frank"]
[Result "0-1"]
[WhiteElo "2115"]
[BlackElo "2204"]
[PlyCount "74"]
[EventDate "2005.08.06"]

1.e4 c5 2.Nf3 d6 3.d4 Nf6 4.Nc3 cxd4 5.Nxd4 Nc6 6.Bc4 e6 7.Bb3 a6 8.Be3 
Qc7 9.O-O Be7 10.f4 Na5 11.Ba4+ Bd7 12.Bxd7+ Qxd7 13.Qf3 Nc4 14.f5 Nxe3 
15.fxe6 fxe6 16.Qxe3 Ng4 17.Qg3 Bf6 18.Rad1 h5 19.h3 Ne5 20.Nb3 O-O-O 21.
a4 Kb8 22.Rd4 Qe7 23.Rb4 h4 24.Qe3 Nc6 25.Rc4 Rc8 26.Nb5 axb5 27.axb5 Nd8 
28.Ra4 Kc7 29.e5 Bxe5 30.Rd1 Rh5 31.Nc5 dxc5 32.Qb3 Bd4+ 33.Kh1 Rd5 34.b6+
Kd6 35.c4 Rf5 36.Qa3 Nc6 37.Ra8 Rcf8 0-1

[Event "V Memorial Corrado Bitti A"]
[Site "Laconi ITA"]
[Date "2005.08.09"]
[Round "6"]
[White "Biondelli, Marco"]
[Black "Caredda, Giuseppe"]
[Result "0-1"]
[WhiteElo "1538"]
[BlackElo "1409"]
[PlyCount "124"]
[EventDate "2005.08.06"]

1.e4 c5 2.Nf3 Nc6 3.d4 cxd4 4.Nxd4 e5 5.Nxc6 bxc6 6.Bc4 Nf6 7.Nc3 Be7 8.
O-O O-O 9.Bg5 Qb6 10.Bb3 Ba6 11.Re1 Rad8 12.Qf3 Rfe8 13.Qg3 d6 14.Re3 Bc8 
15.Rf3 Kf8 16.Qh4 d5 17.exd5 cxd5 18.Nxd5 Rxd5 19.Bxf6 Bxf6 20.Rxf6 Qxf6 
21.Qxf6 gxf6 22.Bxd5 Bf5 23.Bb3 Rd8 24.c3 Rd2 25.Kf1 Bd3+ 26.Kg1 Rxb2 27.
Rd1 e4 28.Rc1 Bb1 29.c4 Bxa2 30.Bxa2 Rxa2 31.g4 Ra6 32.c5 Rc6 33.Rc4 a5 
34.Kg2 Ke7 35.Rxe4+ Re6 36.Rc4 Rc6 37.f4 Ke6 38.Kf3 Kd5 39.Re4 Rxc5 40.Re7
Kc4 41.Rxf7 a4 42.Rxh7 Ra5 43.Rb7 Rb5 44.Ra7 Kb4 45.h4 a3 46.h5 Ra5 47.Rd7
a2 48.Rd1 a1=Q 49.Rxa1 Rxa1 50.Ke4 Kc4 51.Kf5 Rf1 52.h6 Kd4 53.h7 Rh1 54.
Kg6 Ke4 55.Kxf6 Rxh7 56.f5 Rh4 57.g5 Rf4 58.g6 Rxf5+ 59.Kg7 Ke5 60.Kh7 Kf6
61.g7 Rh5+ 62.Kg8 Rg5 0-1

[Event "V Memorial Corrado Bitti A"]
[Site "Laconi ITA"]
[Date "2005.08.09"]
[Round "6"]
[White "Deruda, Leonardo"]
[Black "Caramia, Antonio"]
[Result "1/2-1/2"]
[WhiteElo "1820"]
[BlackElo "1814"]
[PlyCount "63"]
[EventDate "2005.08.06"]

1.Nf3 c5 2.g3 Nc6 3.Bg2 e6 4.d3 Nf6 5.Nbd2 d5 6.e4 Qc7 7.O-O Be7 8.c3 O-O 
9.Qe2 dxe4 10.dxe4 e5 11.Nc4 h6 12.Nh4 Bg4 13.f3 Be6 14.f4 Nh7 15.Nf5 Bxf5
16.exf5 Bf6 17.fxe5 Nxe5 18.Bf4 Rfe8 19.Qc2 Rad8 20.Rfe1 b5 21.Ne3 Ng5 22.
Re2 c4 23.Kh1 Qc5 24.Bxe5 Rxe5 25.Ng4 Rxf5 26.Rae1 Rf8 27.Nxf6+ Rxf6 28.
Re5 Qb6 29.Re7 Rd6 30.Qf5 Rf6 31.Qc2 Ne6 32.b3 1/2-1/2

[Event "V Memorial Corrado Bitti A"]
[Site "Laconi ITA"]
[Date "2005.08.09"]
[Round "6"]
[White "Dessy, Eugenio"]
[Black "Collu, Giuseppe"]
[Result "0-1"]
[WhiteElo "1530"]
[BlackElo "1814"]
[PlyCount "64"]
[EventDate "2005.08.06"]

1.e4 e5 2.Nf3 Nc6 3.Bb5 a6 4.Ba4 Nf6 5.O-O Be7 6.Re1 b5 7.Bb3 d6 8.c3 O-O 
9.d4 Bg4 10.h3 Bxf3 11.Qxf3 exd4 12.Bg5 Ne5 13.Qd1 dxc3 14.Nxc3 c5 15.Bc2 
Nfd7 16.Bxe7 Qxe7 17.Nd5 Qd8 18.f4 Nc6 19.a3 Nd4 20.Bb1 Nf6 21.Qd3 Nxd5 
22.exd5 f5 23.b4 Qf6 24.Ba2 c4 25.Qd1 Rae8 26.Rc1 Re4 27.Qd2 Rd8 28.Rxe4 
fxe4 29.Rd1 c3 30.Qe1 Qxf4 31.g3 Qe5 32.Qxc3 Ne2+ 0-1

[Event "V Memorial Corrado Bitti A"]
[Site "Laconi ITA"]
[Date "2005.08.09"]
[Round "6"]
[White "Fenu, Salvatore"]
[Black "Maldarelli, Lorenzo"]
[Result "1/2-1/2"]
[WhiteElo "1844"]
[BlackElo "1837"]
[PlyCount "70"]
[EventDate "2005.08.06"]

1.e4 c5 2.c3 d5 3.exd5 Qxd5 4.d4 g6 5.Nf3 Bg7 6.c4 Qd8 7.d5 Nf6 8.Nc3 O-O 
9.Be2 e6 10.O-O exd5 11.cxd5 Re8 12.Be3 Nbd7 13.Qd2 a6 14.a4 Ne4 15.Nxe4 
Rxe4 16.Ra2 Qb6 17.Qc2 Rb4 18.a5 Qf6 19.Bg5 Qd6 20.Bd2 Qxd5 21.Bxb4 Qxa2 
22.Bc3 Bxc3 23.Qxc3 Qd5 24.Bc4 Qf5 25.Re1 Nf6 26.Re5 Qb1+ 27.Re1 Qf5 28.
Re5 Qf4 29.Ng5 Bf5 30.Nxf7 Kg7 31.Re7 Qd4 32.Nd6+ Kh8 33.Nf7+ Kg7 34.Nd6+ 
Kh8 35.Nf7+ Kg7 1/2-1/2

[Event "V Memorial Corrado Bitti A"]
[Site "Laconi ITA"]
[Date "2005.08.09"]
[Round "6"]
[White "Figus, Maurizio"]
[Black "Mannu, Michele"]
[Result "1-0"]
[WhiteElo "1877"]
[BlackElo "1933"]
[PlyCount "79"]
[EventDate "2005.08.06"]

1.d4 Nf6 2.Nf3 g6 3.c4 Bg7 4.Nc3 d6 5.e4 O-O 6.Be2 Nbd7 7.O-O c6 8.Re1 Qc7
9.Be3 b6 10.Rc1 Bb7 11.b4 a5 12.a3 axb4 13.axb4 Ra3 14.Nd2 Rfa8 15.f4 Qb8 
16.e5 dxe5 17.fxe5 Nxe5 18.Ndb1 Neg4 19.Bxg4 Nxg4 20.Qxg4 Rb3 21.Bf2 e6 
22.Qd1 Rxb4 23.Ne4 Ra2 24.Nbc3 Ra3 25.Ne2 c5 26.Bg3 Qa8 27.d5 exd5 28.Nd6 
d4 29.Nxb7 Qxb7 30.Nf4 Rb2 31.Re8+ Bf8 32.Nd5 Raa2 33.Bd6 Rxg2+ 34.Kh1 h6 
35.Rxf8+ Kh7 36.Qf3 Qxd5 37.cxd5 Raf2 38.Rxf7+ Kg8 39.Qxf2 Rxf2 40.Rxf2 
1-0

[Event "V Memorial Corrado Bitti A"]
[Site "Laconi ITA"]
[Date "2005.08.09"]
[Round "6"]
[White "Ibba, Isacco"]
[Black "Casti, Alessio"]
[Result "1/2-1/2"]
[WhiteElo "2197"]
[BlackElo "2108"]
[PlyCount "47"]
[EventDate "2005.08.06"]

1.d4 d5 2.Nc3 Nf6 3.Bg5 Bf5 4.f3 Nbd7 5.e4 dxe4 6.Bc4 e3 7.Bxe3 e6 8.Nge2 
c6 9.g4 Bg6 10.h4 h5 11.Nf4 Bd6 12.Nxg6 fxg6 13.Qd3 Nf8 14.O-O-O Qc7 15.g5
Nd5 16.Kb1 O-O-O 17.Ne2 Qf7 18.Qe4 Nd7 19.Bc1 Rhe8 20.Bd3 Ne7 21.Bf4 Bxf4 
22.Qxf4 Nf5 23.Ng3 Nb6 24.Nxf5 1/2-1/2

[Event "V Memorial Corrado Bitti A"]
[Site "Laconi ITA"]
[Date "2005.08.09"]
[Round "6"]
[White "Lai, Silvia"]
[Black "Setzu, Francesco"]
[Result "1-0"]
[WhiteElo "1748"]
[BlackElo "1631"]
[PlyCount "41"]
[EventDate "2005.08.06"]

1.e4 c6 2.d4 d5 3.e5 Bf5 4.Be3 e6 5.Bd3 Bxd3 6.Qxd3 Nd7 7.c3 c5 8.f4 c4 9.
Qc2 b5 10.Nf3 Ne7 11.g4 g6 12.h4 Bg7 13.h5 gxh5 14.Rxh5 h6 15.f5 Ng8 16.
fxe6 fxe6 17.Qg6+ Kf8 18.Qxe6 Qb6 19.Nh4 Ne7 20.Rf5+ Nxf5 21.Ng6# 1-0

[Event "V Memorial Corrado Bitti A"]
[Site "Laconi ITA"]
[Date "2005.08.09"]
[Round "6"]
[White "Locci, Damiano"]
[Black "Piga, Antonello"]
[Result "1-0"]
[WhiteElo "1901"]
[BlackElo "1688"]
[PlyCount "109"]
[EventDate "2005.08.06"]

1.e4 c5 2.Nc3 Nc6 3.f4 d6 4.Nf3 e6 5.Bb5 a6 6.Bxc6+ bxc6 7.O-O Be7 8.d3 
Nf6 9.Qe1 Rb8 10.Rb1 h6 11.h3 a5 12.g4 Nh7 13.Qg3 d5 14.f5 Rb7 15.Ne5 Bd7 
16.fxe6 Bxe6 17.Nxc6 Qd7 18.Nxe7 Kxe7 19.exd5 Bxd5 20.Qe5+ Be6 21.Qxc5+ 
Qd6 22.Qxd6+ Kxd6 23.Ne4+ Kc6 24.b3 Bd5 25.Nc3 Be6 26.Bf4 h5 27.gxh5 Bxh3 
28.Rf3 Bg4 29.Rg3 f5 30.Re1 Nf6 31.Re6+ Kd7 32.Rd6+ Kc8 33.h6 Nh5 34.hxg7 
Rg8 35.Nd5 Nxg3 36.Bxg3 Bf3 37.Nb6+ Rxb6 38.Rxb6 Rxg7 39.Kf2 Bb7 40.Rf6 
Rg5 41.c4 Kd7 42.Rf7+ Kc6 43.Rc7+ Kb6 44.c5+ Ka6 45.c6 Ba8 46.Rc8 Ka7 47.
Kf3 Bxc6+ 48.Rxc6 Kb7 49.Rc5 a4 50.Kf4 Rg8 51.Rxf5 axb3 52.axb3 Re8 53.Rc5
Re2 54.b4 Rb2 55.Be1 1-0

[Event "V Memorial Corrado Bitti A"]
[Site "Laconi ITA"]
[Date "2005.08.09"]
[Round "6"]
[White "Loi, Francesco"]
[Black "Secci, Gabriele"]
[Result "1-0"]
[WhiteElo "1408"]
[BlackElo "1721"]
[PlyCount "83"]
[EventDate "2005.08.06"]

1.d4 d5 2.c4 e6 3.Nf3 Nf6 4.Nc3 c6 5.a4 Nbd7 6.e3 Be7 7.Be2 O-O 8.O-O b6 
9.cxd5 Nxd5 10.Nxd5 cxd5 11.b3 Bd6 12.Ba3 Bxa3 13.Rxa3 Bb7 14.Qb1 Rc8 15.
Bd3 Nf6 16.Ne5 Qe7 17.Ra2 Rc7 18.g4 h6 19.f4 Nd7 20.Rg2 Nxe5 21.fxe5 Qg5 
22.Qe1 Rfc8 23.Qf2 Qe7 24.Kh1 Rc3 25.Bb1 Rxb3 26.Rgg1 Rbc3 27.h4 Ba6 28.
Re1 Qa3 29.Qd2 Qxa4 30.g5 h5 31.g6 Qe8 32.Qf2 fxg6 33.Bxg6 Qf8 34.Qg3 R8c7
35.Qg5 Qf3+ 36.Rg2 Qf8 37.Qxh5 Qa3 38.Rf2 Rf7 39.Bxf7+ Kf8 40.Bxe6+ Ke7 
41.Qf7+ Kd8 42.Qd7# 1-0

[Event "V Memorial Corrado Bitti A"]
[Site "Laconi ITA"]
[Date "2005.08.09"]
[Round "6"]
[White "Pais, Mario"]
[Black "Boi, Paolo"]
[Result "1/2-1/2"]
[WhiteElo "1720"]
[BlackElo "1592"]
[PlyCount "43"]
[EventDate "2005.08.06"]

1.e4 c6 2.d4 d5 3.exd5 cxd5 4.Bd3 Nc6 5.Nf3 Bg4 6.c3 e6 7.h3 Bh5 8.Bf4 Bd6
9.Bxd6 Qxd6 10.Nbd2 Nf6 11.Qc2 Bg6 12.O-O O-O 13.Bxg6 hxg6 14.Rfe1 Rac8 
15.Qd3 a6 16.a3 Nh5 17.Ne5 Qe7 18.Ndf3 Nf6 19.Ng5 Nxe5 20.dxe5 Nh7 21.Nxh7
Kxh7 22.Qg3 1/2-1/2

[Event "V Memorial Corrado Bitti A"]
[Site "Laconi ITA"]
[Date "2005.08.09"]
[Round "6"]
[White "Pes, Francesco"]
[Black "Orzella, Paolo"]
[Result "1-0"]
[WhiteElo "1763"]
[BlackElo "1553"]
[PlyCount "41"]
[EventDate "2005.08.06"]

1.d4 d5 2.c4 e6 3.Nc3 Nf6 4.Nf3 Nbd7 5.Bg5 c6 6.e3 Be7 7.Bd3 dxc4 8.Bxc4 
b5 9.Bd3 Bb7 10.e4 b4 11.Ne2 O-O 12.Qc2 Ne8 13.Bxe7 Qxe7 14.e5 f5 15.Nf4 
Nc7 16.h4 Rac8 17.Ng5 Kh8 18.Qe2 Qe8 19.h5 Rg8 20.Ng6+ Qxg6 21.hxg6 1-0

[Event "V Memorial Corrado Bitti A"]
[Site "Laconi ITA"]
[Date "2005.08.10"]
[Round "7"]
[White "Caredda, Giuseppe"]
[Black "Boi, Paolo"]
[Result "0-1"]
[WhiteElo "1409"]
[BlackElo "1592"]
[PlyCount "64"]
[EventDate "2005.08.06"]

1.d4 d5 2.c4 e6 3.Nf3 Nf6 4.Bg5 Be7 5.Nc3 O-O 6.e3 Nbd7 7.Bd3 c6 8.O-O 
dxc4 9.Bxc4 b5 10.Bd3 a6 11.a3 c5 12.dxc5 Nxc5 13.Bc2 Qb6 14.b4 Ncd7 15.
Ne2 Rd8 16.Qb1 h6 17.Bh4 Bb7 18.e4 Rac8 19.Ra2 e5 20.Bg3 Bd6 21.Rd1 Nh5 
22.Bh4 g5 23.Bg3 Nf4 24.Rd2 Bb8 25.Kf1 Nf6 26.Rxd8+ Rxd8 27.h4 g4 28.Nfg1 
N6h5 29.Bh2 Ba7 30.Qe1 Rd2 31.g3 Rxc2 32.Rxc2 Nd3 0-1

[Event "V Memorial Corrado Bitti A"]
[Site "Laconi ITA"]
[Date "2005.08.10"]
[Round "7"]
[White "Carta, Francesco"]
[Black "Loi, Francesco"]
[Result "1-0"]
[WhiteElo "1565"]
[BlackElo "1408"]
[PlyCount "45"]
[EventDate "2005.08.06"]

1.e4 c5 2.Nc3 Nc6 3.Nf3 e6 4.d4 cxd4 5.Nxd4 g6 6.Ndb5 d6 7.f4 a6 8.Na3 
Nge7 9.Nc4 Ng8 10.Be3 e5 11.Nd5 Nd4 12.Bxd4 exd4 13.Qxd4 f6 14.O-O-O Bg7 
15.Ndb6 Kf8 16.Nxa8 Bg4 17.Qxd6+ Qxd6 18.Rxd6 Kf7 19.h3 Bc8 20.Ncb6 Be6 
21.Nc7 Bxa2 22.b3 Ne7 23.Bc4+ 1-0

[Event "V Memorial Corrado Bitti A"]
[Site "Laconi ITA"]
[Date "2005.08.10"]
[Round "7"]
[White "Casti, Alessio"]
[Black "Locci, Damiano"]
[Result "1-0"]
[WhiteElo "2108"]
[BlackElo "1901"]
[PlyCount "59"]
[EventDate "2005.08.06"]

1.e4 d5 2.exd5 Qxd5 3.Nc3 Qa5 4.d4 Nf6 5.Nf3 c6 6.Bc4 Bf5 7.Bd2 Qc7 8.Ne5 
e6 9.Qe2 Bd6 10.O-O-O O-O 11.f3 Bg6 12.g4 Nbd7 13.h4 b5 14.Bb3 a5 15.a4 b4
16.Nxd7 Nxd7 17.Nb1 e5 18.h5 exd4 19.hxg6 Nc5 20.Qc4 d3 21.Be3 dxc2 22.
Kxc2 hxg6 23.Nd2 Rac8 24.Kb1 Qb7 25.Bxc5 Bxc5 26.Qe2 Bd6 27.Nc4 Bc7 28.Nd6
Bxd6 29.Rxd6 Qc7 30.Qh2 1-0

[Event "V Memorial Corrado Bitti A"]
[Site "Laconi ITA"]
[Date "2005.08.10"]
[Round "7"]
[White "Collu, Giuseppe"]
[Black "Caramia, Antonio"]
[Result "1-0"]
[WhiteElo "1814"]
[BlackElo "1814"]
[PlyCount "45"]
[EventDate "2005.08.06"]

1.e4 c5 2.Nf3 d6 3.d4 cxd4 4.Nxd4 a6 5.c4 Nf6 6.Nc3 e6 7.Bd3 Qc7 8.O-O 
Nbd7 9.Kh1 Be7 10.f4 O-O 11.Nf3 b6 12.b3 Bb7 13.Bb2 Nc5 14.Bc2 Ncxe4 15.
Nxe4 Nxe4 16.Ng5 Nf6 17.Bxf6 Bxf6 18.Bxh7+ Kh8 19.Qh5 Bxg5 20.fxg5 Rfd8 
21.Bg6+ Kg8 22.Qh7+ Kf8 23.Qh8+ 1-0

[Event "V Memorial Corrado Bitti A"]
[Site "Laconi ITA"]
[Date "2005.08.10"]
[Round "7"]
[White "Lommers, Frank"]
[Black "Figus, Maurizio"]
[Result "0-1"]
[WhiteElo "2204"]
[BlackElo "1877"]
[PlyCount "63"]
[EventDate "2005.08.06"]

1.d4 Nf6 2.Nf3 g6 3.c4 Bg7 4.Nc3 O-O 5.e4 d6 6.Be2 e5 7.d5 a5 8.Bg5 Na6 9.
a3 Qe8 10.b4 b6 11.Nd2 Bd7 12.Rb1 axb4 13.axb4 h6 14.Be3 Nh7 15.g4 f5 16.
gxf5 gxf5 17.exf5 e4 18.Ncxe4 Bxf5 19.Bd3 Qg6 20.f3 Kh8 21.Rg1 Qh5 22.Qe2 
Rae8 23.Qf2 Bxe4 24.Bxe4 Ng5 25.Rg4 Qxg4 26.Qe2 Qh3 27.c5 Nxe4 28.fxe4 
Qh4+ 29.Kd1 Nb8 30.cxb6 cxb6 31.b5 Nd7 32.Nc4 0-1

[Event "V Memorial Corrado Bitti A"]
[Site "Laconi ITA"]
[Date "2005.08.10"]
[Round "7"]
[White "Maldarelli, Lorenzo"]
[Black "Ibba, Isacco"]
[Result "0-1"]
[WhiteElo "1837"]
[BlackElo "2197"]
[PlyCount "98"]
[EventDate "2005.08.06"]

1.d4 d6 2.c4 c6 3.Nf3 Nd7 4.Nc3 e5 5.dxe5 Nxe5 6.Nxe5 dxe5 7.Qxd8+ Kxd8 8.
f4 Bd6 9.fxe5 Bxe5 10.Bg5+ f6 11.Bd2 Nh6 12.O-O-O Kc7 13.h3 Nf5 14.Ne4 Re8
15.g4 Nh4 16.Nc5 Ng6 17.Nd3 Bd4 18.e4 Rxe4 19.Bg2 Re2 20.Bf3 Re8 21.Rhe1 
Be6 22.b3 Rad8 23.Nf4 Bf7 24.Rxe8 Rxe8 25.Ba5+ Bb6 26.Bxb6+ axb6 27.Nh5 
Nh4 28.Nxg7 Rg8 29.Nf5 Nxf3 30.Nh6 Rg7 31.Rf1 Nd4 32.Nxf7 Rxf7 33.g5 f5 
34.Kd2 Re7 35.Kd3 c5 36.Rf4 Re1 37.Rh4 Re7 38.Rh6 Ne6 39.h4 Kd6 40.Ke3 Ke5
41.Kf3 Nd4+ 42.Kg3 b5 43.cxb5 Nxb5 44.Rb6 Nd6 45.h5 Ne4+ 46.Kh4 Kf4 47.g6 
Ng5 48.Rf6 Re3 49.Rxf5+ Kxf5 0-1

[Event "V Memorial Corrado Bitti A"]
[Site "Laconi ITA"]
[Date "2005.08.10"]
[Round "7"]
[White "Mannu, Michele"]
[Black "Piga, Antonello"]
[Result "1/2-1/2"]
[WhiteElo "1933"]
[BlackElo "1688"]
[PlyCount "79"]
[EventDate "2005.08.06"]

1.Nf3 Nf6 2.g3 d5 3.Bg2 Nc6 4.d4 Bf5 5.O-O e6 6.Re1 Bd6 7.c4 dxc4 8.Qa4 
O-O 9.Qxc4 Be4 10.Nc3 Bg6 11.e4 Be7 12.a3 Na5 13.Qa4 c6 14.Bd2 b5 15.Nxb5 
cxb5 16.Qxa5 Bxe4 17.Qxb5 Rb8 18.Qa4 Rxb2 19.Bc3 Rc2 20.Rxe4 Rxc3 21.Re2 
Qc7 22.Ree1 Rc8 23.Qa6 Rc6 24.Qb5 Nd5 25.Ne5 Rb6 26.Qe2 Bf6 27.Ng4 Qd8 28.
Rac1 Rxc1 29.Rxc1 h6 30.Qc4 Rd6 31.Qc5 Qb6 32.Bxd5 exd5 33.Nxf6+ Rxf6 34.
Qxd5 Qb2 35.Rc8+ Kh7 36.Qe4+ g6 37.Rc2 Qxa3 38.Qe5 Qf3 39.Re2 Re6 40.Qf4 
1/2-1/2

[Event "V Memorial Corrado Bitti A"]
[Site "Laconi ITA"]
[Date "2005.08.10"]
[Round "7"]
[White "Orzella, Paolo"]
[Black "Deruda, Leonardo"]
[Result "0-1"]
[WhiteElo "1553"]
[BlackElo "1820"]
[PlyCount "118"]
[EventDate "2005.08.06"]

1.e4 c5 2.Nf3 Nc6 3.d4 cxd4 4.Nxd4 g6 5.Nc3 Bg7 6.Nxc6 bxc6 7.g3 Rb8 8.Qf3
d6 9.Bg2 Ba6 10.Bf1 Qa5 11.Bxa6 Qxa6 12.Qd3 Qb7 13.b3 Nf6 14.O-O O-O 15.
Bb2 Ng4 16.Rab1 Ne5 17.Qe2 Nd7 18.Na4 Nf6 19.c4 Qa6 20.Rbe1 Rbd8 21.Bc3 
Nd7 22.Bxg7 Kxg7 23.Qb2+ Kg8 24.Rc1 Qa5 25.Qc3 Qh5 26.Qd4 Ne5 27.Rc3 c5 
28.Qd1 Qh3 29.f3 Nc6 30.Qd2 Nd4 31.Qg2 Qc8 32.Nb2 e5 33.Nd3 f5 34.Nf2 Ne2+
35.Kh1 Nxc3 36.Nh3 Qa6 37.Ng5 h6 38.Ne6 Qxa2 39.Qh3 Qe2 40.Kg1 Qe3+ 41.Kg2
Rd7 42.f4 Qxe4+ 43.Rf3 Qe2+ 44.Rf2 Qh5 45.Qxh5 gxh5 46.Nxf8 Kxf8 47.fxe5 
dxe5 48.Rxf5+ Kg8 49.Rxe5 Rc7 50.Re3 Na2 51.Re5 Nb4 52.Rxh5 Nc2 53.Re5 Nd4
54.Re3 Rb7 55.h4 Nxb3 56.g4 a6 57.Re1 a5 58.Re2 Nd4 59.Ra2 Rb4 0-1

[Event "V Memorial Corrado Bitti A"]
[Site "Laconi ITA"]
[Date "2005.08.10"]
[Round "7"]
[White "Pais, Mario"]
[Black "Dessy, Eugenio"]
[Result "1-0"]
[WhiteElo "1720"]
[BlackElo "1530"]
[PlyCount "49"]
[EventDate "2005.08.06"]

1.e4 d5 2.exd5 Nf6 3.c4 Bg4 4.Be2 Bf5 5.Nc3 c6 6.dxc6 Nxc6 7.Nf3 e6 8.d4 
Be7 9.O-O O-O 10.a3 a6 11.d5 Nb8 12.Bf4 Nbd7 13.d6 Bxd6 14.Bxd6 Re8 15.c5 
Rc8 16.b4 b6 17.Bxa6 Ra8 18.Bb5 bxc5 19.bxc5 Qa5 20.Qb3 Rec8 21.Qb4 e5 22.
Qxa5 Rxa5 23.Bxd7 Nxd7 24.Nd5 Kh8 25.Ne7 1-0

[Event "V Memorial Corrado Bitti A"]
[Site "Laconi ITA"]
[Date "2005.08.10"]
[Round "7"]
[White "Pes, Francesco"]
[Black "Altea, Giovanni"]
[Result "1/2-1/2"]
[WhiteElo "1763"]
[BlackElo "1685"]
[PlyCount "74"]
[EventDate "2005.08.06"]

1.d4 Nf6 2.c4 e5 3.dxe5 Ng4 4.Nf3 Bc5 5.e3 Nc6 6.Nc3 O-O 7.a3 a5 8.b3 Re8 
9.Bb2 Ngxe5 10.Nd5 Ra6 11.Bd3 Nxf3+ 12.Qxf3 Nd4 13.Qd1 Rh6 14.Bxd4 Bxd4 
15.Bxh7+ Kxh7 16.Qxd4 Rd6 17.Qf4 Kg8 18.h4 Ree6 19.Qg5 Qxg5 20.hxg5 c6 21.
Nb6 Re8 22.Ke2 c5 23.Nxc8 Rxc8 24.Rh3 Rcc6 25.Rah1 Kf8 26.Rh8+ Ke7 27.f4 
Re6 28.Rd1 Rb6 29.Rd3 Red6 30.Rxd6 Kxd6 31.Ra8 Rxb3 32.Rxa5 Rb2+ 33.Kf3 
Rc2 34.Ra4 g6 35.g4 Rc1 36.Ke2 Rc2+ 37.Kf3 Rc1 1/2-1/2

[Event "V Memorial Corrado Bitti A"]
[Site "Laconi ITA"]
[Date "2005.08.10"]
[Round "7"]
[White "Secci, Gabriele"]
[Black "Lai, Silvia"]
[Result "1/2-1/2"]
[WhiteElo "1721"]
[BlackElo "1748"]
[PlyCount "112"]
[EventDate "2005.08.06"]

1.e4 d5 2.exd5 Qxd5 3.Nc3 Qd6 4.d4 Nf6 5.Nf3 a6 6.h3 e6 7.Bc4 b5 8.Bb3 Bb7
9.Be3 Be7 10.a3 Nbd7 11.Qe2 c5 12.dxc5 Nxc5 13.Ba2 O-O 14.Rd1 Qc7 15.O-O 
Nfe4 16.Nxe4 Nxe4 17.Bd4 Rac8 18.c3 Bc5 19.Bb1 Qf4 20.Bxc5 Nxc5 21.Rd4 Qf6
22.Qe3 Bd5 23.Rf4 Qh6 24.Rh4 Qxe3 25.fxe3 f5 26.Ne5 Rcd8 27.Bc2 Ne4 28.
Bxe4 Bxe4 29.Rhf4 Rfe8 30.R4f2 g6 31.Nf3 Rd3 32.Re1 Bxf3 33.Rxf3 Red8 34.
Re2 Kf7 35.Kh2 Rd2 36.Rff2 Rxe2 37.Rxe2 Rd3 38.Kg3 Kf6 39.Kf3 Ke5 40.g3 a5
41.Rc2 g5 42.c4 bxc4 43.Rxc4 h5 44.Rc5+ Rd5 45.Rxd5+ Kxd5 46.b4 axb4 47.
axb4 Kc4 48.h4 gxh4 49.gxh4 Kxb4 50.Kf4 Kc4 51.Ke5 Kd3 52.Kxe6 Kxe3 53.
Kxf5 Kf3 54.Kg5 Ke4 55.Kxh5 Kf5 56.Kh6 Kf6 1/2-1/2

[Event "V Memorial Corrado Bitti A"]
[Site "Laconi ITA"]
[Date "2005.08.10"]
[Round "7"]
[White "Setzu, Francesco"]
[Black "Biondelli, Marco"]
[Result "1-0"]
[WhiteElo "1631"]
[BlackElo "1538"]
[PlyCount "149"]
[EventDate "2005.08.06"]

1.d4 Nf6 2.Nf3 d5 3.Nbd2 c5 4.c3 Nc6 5.e3 Bf5 6.Nh4 Bc8 7.Bd3 e6 8.Nhf3 
Bd6 9.dxc5 Bxc5 10.O-O O-O 11.Nb3 Bd6 12.Re1 Qc7 13.Nbd2 Ne5 14.Nxe5 Bxe5 
15.h3 Bd7 16.Nf3 Bd6 17.Nd2 Be5 18.f4 Bd6 19.Nf3 Bc5 20.Ne5 Rad8 21.g4 Ne4
22.Qf3 Bc6 23.Nxc6 Qxc6 24.a4 f5 25.Kg2 Rf6 26.g5 Rff8 27.Qd1 Kh8 28.Qc2 
Be7 29.h4 d4 30.Bxe4 Qxe4+ 31.Qxe4 fxe4 32.exd4 e5 33.dxe5 Rd3 34.Rxe4 
Rfd8 35.Be3 b6 36.Bd4 Bc5 37.Bxc5 bxc5 38.Rae1 Kg8 39.f5 Rd2+ 40.R4e2 Kf8 
41.Kf2 c4 42.Rxd2 Rxd2+ 43.Re2 Rd5 44.Kf3 Ra5 45.f6 gxf6 46.gxf6 h5 47.Kf4
Kf7 48.Ke4 Rxa4 49.Kd5 Ra5+ 50.Kd4 Ke6 51.Kxc4 Ra4+ 52.b4 Ra6 53.Kc5 Ra3 
54.Re3 a5 55.bxa5 Rxa5+ 56.Kb4 Ra8 57.c4 Rb8+ 58.Kc3 Rg8 59.Kd4 Rd8+ 60.
Ke4 Rc8 61.Rc3 Rc5 62.Kd4 Rc8 63.Re3 Rd8+ 64.Kc3 Rg8 65.Kd4 Rd8+ 66.Kc3 
Rg8 67.Re4 Rc8 68.Kb4 Rb8+ 69.Kc5 Rc8+ 70.Kb6 Kf5 71.Kb7 Rc5 72.Kb6 Rc8 
73.Re1 Ke6 74.c5 Kd5 75.e6 1-0

[Event "V Memorial Corrado Bitti A"]
[Site "Laconi ITA"]
[Date "2005.08.10"]
[Round "8"]
[White "Altea, Giovanni"]
[Black "Lommers, Frank"]
[Result "0-1"]
[WhiteElo "1685"]
[BlackElo "2204"]
[PlyCount "76"]
[EventDate "2005.08.06"]

1.c4 c5 2.Nf3 Nf6 3.Nc3 e6 4.d4 cxd4 5.Nxd4 a6 6.a3 Qc7 7.e4 d6 8.Be2 Nbd7
9.O-O b6 10.Be3 Bb7 11.f3 Be7 12.Rc1 O-O 13.b4 Rac8 14.Qb3 Rfe8 15.Rc2 Qb8
16.Rfc1 Qa8 17.Bf1 Bf8 18.Bf2 g5 19.Nde2 g4 20.Na4 gxf3 21.gxf3 Qb8 22.Qe3
b5 23.cxb5 Rxc2 24.Rxc2 axb5 25.Qg5+ Kh8 26.Qxb5 Ne5 27.Nd4 Bh6 28.Kh1 
Nxe4 29.fxe4 Bxe4+ 30.Bg2 Qxb5 31.Nxb5 Bxc2 32.Nac3 d5 33.Bd4 Bg7 34.Nc7 
Rc8 35.N3b5 Bd3 36.Bc5 Bxb5 37.Nxb5 Ra8 38.Bf1 Nc4 0-1

[Event "V Memorial Corrado Bitti A"]
[Site "Laconi ITA"]
[Date "2005.08.10"]
[Round "8"]
[White "Boi, Paolo"]
[Black "Setzu, Francesco"]
[Result "1/2-1/2"]
[WhiteElo "1592"]
[BlackElo "1631"]
[PlyCount "87"]
[EventDate "2005.08.06"]

1.d4 c6 2.c4 d5 3.Nf3 Nf6 4.Nc3 Bg4 5.Ne5 Be6 6.e3 g6 7.Be2 Bg7 8.O-O O-O 
9.f3 Nfd7 10.Nxd7 Nxd7 11.cxd5 cxd5 12.e4 Nb6 13.e5 a6 14.Bf4 f6 15.exf6 
exf6 16.Re1 Qd7 17.b3 g5 18.Bg3 Bf5 19.Bd3 Rae8 20.Qc2 Bxd3 21.Qxd3 Qf7 
22.Bd6 Rxe1+ 23.Rxe1 Re8 24.Re3 Nc8 25.Bb4 Nb6 26.Ba5 Re6 27.Bxb6 Rxb6 28.
Qf5 Rd6 29.Na4 Qd7 30.Qxd7 Rxd7 31.Nc5 Rc7 32.g4 f5 33.Ne6 Rc1+ 34.Kf2 f4 
35.Re1 Rxe1 36.Kxe1 Bf6 37.Ke2 Kf7 38.Nc7 Bxd4 39.Nxd5 Ke6 40.Nb4 a5 41.
Nc2 Kd5 42.Kd3 Bc5 43.h3 b5 44.Ne1 1/2-1/2

[Event "V Memorial Corrado Bitti A"]
[Site "Laconi ITA"]
[Date "2005.08.10"]
[Round "8"]
[White "Caramia, Antonio"]
[Black "Mannu, Michele"]
[Result "1/2-1/2"]
[WhiteElo "1814"]
[BlackElo "1933"]
[PlyCount "132"]
[EventDate "2005.08.06"]

1.e4 c6 2.d4 d5 3.Nc3 dxe4 4.Nxe4 Nf6 5.Ng3 h5 6.h4 Bg4 7.Be2 e6 8.Bg5 Qc7
9.Nf3 Bd6 10.Bxf6 gxf6 11.Ne4 Nd7 12.Nxd6+ Qxd6 13.Qd2 O-O-O 14.O-O-O Rhg8
15.Qa5 Kb8 16.Rd3 Qc7 17.Qb4 c5 18.Qa4 Nb6 19.Qb5 Bxf3 20.Bxf3 Rxd4 21.
Rxd4 cxd4 22.g3 Rc8 23.Qd3 Nd7 24.Bxh5 Ne5 25.Qd2 d3 26.c3 Rd8 27.b3 Qc5 
28.Bd1 Nc6 29.h5 Qd5 30.Rh4 e5 31.h6 e4 32.h7 Rh8 33.Qf4+ Qe5 34.Rh6 Qxf4+
35.gxf4 Kc7 36.Kd2 Ne7 37.Bg4 f5 38.Bh5 Ng6 39.Ke3 Kd7 40.f3 Ke7 41.fxe4 
fxe4 42.Kxe4 d2 43.f5 Nf8 44.Ke3 Rxh7 45.Rxh7 Nxh7 46.Kxd2 Kf6 47.Ke3 Ng5 
48.Kf4 Nh3+ 49.Kg3 Ng5 50.Bg4 Ne4+ 51.Kf4 Nxc3 52.a4 Nd5+ 53.Ke4 Ne7 54.b4
Kg5 55.Bh3 f6 56.a5 Nc6 57.Kd5 Nxb4+ 58.Kd6 Nd3 59.Kc7 b5 60.Bf1 Nb4 61.
Bxb5 Kxf5 62.Kb7 Ke5 63.Kxa7 f5 64.Kb6 Kd6 65.Bf1 Nd5+ 66.Kb7 Nb4 1/2-1/2

[Event "V Memorial Corrado Bitti A"]
[Site "Laconi ITA"]
[Date "2005.08.10"]
[Round "8"]
[White "Casti, Alessio"]
[Black "Figus, Maurizio"]
[Result "1-0"]
[WhiteElo "2108"]
[BlackElo "1877"]
[PlyCount "81"]
[EventDate "2005.08.06"]

1.e4 c5 2.Nf3 Nc6 3.c3 Nf6 4.e5 Nd5 5.d4 cxd4 6.cxd4 d6 7.Bc4 Nb6 8.Bb5 
dxe5 9.Nxe5 Bd7 10.Nxd7 Qxd7 11.Nc3 Rd8 12.O-O a6 13.Bxc6 bxc6 14.Qb3 Nd5 
15.Bg5 h6 16.Bh4 g5 17.Bg3 Bg7 18.Rad1 O-O 19.Rfe1 Rfe8 20.Qa4 Qb7 21.Qc2 
e6 22.Ne4 Nf4 23.h4 Qb5 24.hxg5 hxg5 25.a4 Qd5 26.Qc1 f5 27.Bxf4 gxf4 28.
Nc3 Qd6 29.Ne2 e5 30.dxe5 Qxe5 31.Rxd8 Rxd8 32.Nxf4 Qxb2 33.Qc4+ Kh7 34.
Qxc6 Qd2 35.Qg6+ Kg8 36.Re8+ Rxe8 37.Qxe8+ Kh7 38.Qg6+ Kg8 39.Ne6 Qd1+ 40.
Kh2 Qa1 41.Qxg7+ 1-0